Byabasaya sangathan aru banijyik padhoti (Record no. 6026)
[ view plain ]
| 000 -LEADER | |
|---|---|
| fixed length control field | 00537cam a2200193ua 4500 |
| 001 - CONTROL NUMBER | |
| control field | 6885 |
| 005 - DATE AND TIME OF LATEST TRANSACTION | |
| control field | 20260515114125.0 |
| 008 - FIXED-LENGTH DATA ELEMENTS--GENERAL INFORMATION | |
| fixed length control field | 140311n ii |||frmmmmZ001|0|asm |
| 040 ## - CATALOGING SOURCE | |
| Transcribing agency | MAIN |
| 082 ## - DEWEY DECIMAL CLASSIFICATION NUMBER | |
| Classification number | 651 |
| 245 ## - TITLE STATEMENT | |
| Title | Byabasaya sangathan aru banijyik padhoti |
| Statement of responsibility, etc. | By Dev das bharali |
| 250 ## - EDITION STATEMENT | |
| Edition statement | 4th ed. / |
| Remainder of edition statement | For class XII. |
| 260 ## - PUBLICATION, DISTRIBUTION, ETC. | |
| Place of publication, distribution, etc. | Guwahati: |
| Name of publisher, distributor, etc. | Assam book depot, |
| Date of publication, distribution, etc. | 1998. |
| 300 ## - PHYSICAL DESCRIPTION | |
| Extent | x302p. |
| 653 ## - INDEX TERM--UNCONTROLLED | |
| Uncontrolled term | Office services |
| 653 ## - INDEX TERM--UNCONTROLLED | |
| Uncontrolled term | Byabasaya sangathan aru banijyik padhoti |
| 700 ## - ADDED ENTRY--PERSONAL NAME | |
| Personal name | Bharali,dev das., |
| Relator term | Author. |
| 942 ## - ADDED ENTRY ELEMENTS (KOHA) | |
| Koha item type | Books |
| Withdrawn status | Lost status | Damaged status | Not for loan | Home library | Current library | Shelving location | Date acquired | Total checkouts | Full call number | Barcode | Date last seen | Copy number | Price effective from | Koha item type |
|---|---|---|---|---|---|---|---|---|---|---|---|---|---|---|
| Naharkatiya College Library | Naharkatiya College Library | General stacks | 09/19/2020 | 651 | BHA | 13466 | 09/19/2020 | 1 | 09/19/2020 | Books | |||||
| Naharkatiya College Library | Naharkatiya College Library | General stacks | 09/19/2020 | 651 | BHA | 13467 | 09/19/2020 | 4 | 09/19/2020 | Books | |||||
| Naharkatiya College Library | Naharkatiya College Library | General stacks | 09/19/2020 | 651 | BHA | 13468 | 09/19/2020 | 2 | 09/19/2020 | Books | |||||
| Naharkatiya College Library | Naharkatiya College Library | General stacks | 09/19/2020 | 651 | BHA | 13470 | 09/19/2020 | 3 | 09/19/2020 | Books |